000 00283nam a2200109Ia 4500
008 171211s9999 xx 000 0 und d
245 _aDrawing the Human Head
245 _cBurne Hogarth
260 _c2004
650 _xDesign
856 _uhttp://down.ebook777.com/060/0823013766.pdf
999 _c347943
_d347943